| 000 | 00708nam a22001817a 4500 | ||
|---|---|---|---|
| 005 | 20251108165423.0 | ||
| 008 | 250721s1979 xx 000 0 ara d | ||
| 082 | 1 | 4 | _aم/692.03/عبد |
| 100 | 1 | _aالبقري، عبد اللطيف أبو العطا | |
| 245 | 1 | 0 | _aالموسوعة الهندسية في المواصفات والتصاميم و معدلات النمو و العمالةلإنشاء المباني و المرافق العامة / |
| 264 | 1 |
_aالقاهرة : _bالمطبعة الفنية، _c1979. |
|
| 300 | _a423ص :جداول ,رسومات | ||
| 650 | 1 | 7 | _aبناء |
| 650 | 1 | 7 | _aرسومات |
| 650 | 1 | 7 | _aالهندسة الإنشائية |
| 942 |
_2ddc _cREF |
||
| 999 |
_c27477 _d27477 |
||